88 days to Kandahar : (Record no. 16244)

000 -LEADER
fixed length control field 01863cam a2200457 i 4500
001 - CONTROL NUMBER
control field 18990612
003 - CONTROL NUMBER IDENTIFIER
control field OSt
005 - DATE AND TIME OF LATEST TRANSACTION
control field 20180117085954.0
008 - FIXED-LENGTH DATA ELEMENTS--GENERAL INFORMATION
fixed length control field 160225t20162015nyuab 001 0 eng
010 ## - LIBRARY OF CONGRESS CONTROL NUMBER
LC control number 2015510607
020 ## - INTERNATIONAL STANDARD BOOK NUMBER
International Standard Book Number 9781476712086 (paperback)
020 ## - INTERNATIONAL STANDARD BOOK NUMBER
International Standard Book Number 9781476712079 (hardcover)
020 ## - INTERNATIONAL STANDARD BOOK NUMBER
Canceled/invalid ISBN 9781476712093 (ebook)
040 ## - CATALOGING SOURCE
Original cataloging agency DLC
Language of cataloging eng
Description conventions rda
Transcribing agency DLC
042 ## - AUTHENTICATION CODE
Authentication code pcc
043 ## - GEOGRAPHIC AREA CODE
Geographic area code n-us---
-- a-af---
-- a-pk---
050 00 - LIBRARY OF CONGRESS CALL NUMBER
Classification number DS371.413
Item number .G75 2016
082 00 - DEWEY DECIMAL CLASSIFICATION NUMBER
Classification number 958.104/78
Edition number 23
100 1# - MAIN ENTRY--PERSONAL NAME
Personal name Grenier, Robert
Fuller form of name (Robert L.)
Relator term author.
245 10 - TITLE STATEMENT
Title 88 days to Kandahar :
Remainder of title a CIA diary /
Statement of responsibility, etc. Robert L. Grenier.
246 3# - VARYING FORM OF TITLE
Title proper/short title Eighty-eight days to Kandahar
250 ## - EDITION STATEMENT
Edition statement First Simon & Schuster Paperbacks trade paperback edition.
260 ## - PUBLICATION, DISTRIBUTION, ETC.
Place of publication, distribution, etc. New York
Name of publisher, distributor, etc. Simon and schuster
Date of publication, distribution, etc. 2015
300 ## - PHYSICAL DESCRIPTION
Extent xix, 443 pages :
Other physical details illustrations, maps ;
Dimensions 21 cm
500 ## - GENERAL NOTE
General note Includes index.
600 10 - SUBJECT ADDED ENTRY--PERSONAL NAME
Personal name Grenier, Robert
Fuller form of name (Robert L.)
610 10 - SUBJECT ADDED ENTRY--CORPORATE NAME
Corporate name or jurisdiction name as entry element United States.
Subordinate unit Central Intelligence Agency
Form subdivision Biography.
650 #0 - SUBJECT ADDED ENTRY--TOPICAL TERM
Topical term or geographic name entry element Afghan War, 2001-
General subdivision Campaigns.
650 #0 - SUBJECT ADDED ENTRY--TOPICAL TERM
Topical term or geographic name entry element Afghan War, 2001-
Form subdivision Personal narratives, American.
650 #0 - SUBJECT ADDED ENTRY--TOPICAL TERM
Topical term or geographic name entry element Afghan War, 2001-
General subdivision Secret service.
650 #0 - SUBJECT ADDED ENTRY--TOPICAL TERM
Topical term or geographic name entry element Intelligence officers
Geographic subdivision United States
Form subdivision Biography.
650 #0 - SUBJECT ADDED ENTRY--TOPICAL TERM
Topical term or geographic name entry element Taliban.
651 #0 - SUBJECT ADDED ENTRY--GEOGRAPHIC NAME
Geographic name Afghanistan
General subdivision Politics and government
Chronological subdivision 21st century.
651 #0 - SUBJECT ADDED ENTRY--GEOGRAPHIC NAME
Geographic name Pakistan
General subdivision Relations
Geographic subdivision United States.
651 #0 - SUBJECT ADDED ENTRY--GEOGRAPHIC NAME
Geographic name United States
General subdivision Relations
Geographic subdivision Pakistan.
906 ## - LOCAL DATA ELEMENT F, LDF (RLIN)
a 7
b cbc
c orignew
d 1
e ecip
f 20
g y-gencatlg
942 ## - ADDED ENTRY ELEMENTS (KOHA)
Source of classification or shelving scheme
Koha item type Book
Holdings
Withdrawn status Lost status Damaged status Not for loan Collection code Permanent Location Current Location Shelving location Date acquired Total Checkouts Full call number Barcode Date last seen Price effective from Koha item type
          Centre for International Peace & Stability (CIPS) Centre for International Peace & Stability (CIPS) General Stacks 10/14/2015   958.10478 GRE 2015 CIPS0002676 10/14/2015 10/14/2015 Book
© 2023 Central Library, National University of Sciences and Technology. All Rights Reserved.